000
00276nam a22001217a 4500
040
_c
SY
082
_a
630
100
_a
នុត ចន្ថា
245
_a
នីតិកម្មកសិកម្ម
260
_a
RUA
_b
នុត
_c
2008
300
_a
30p.
942
_c
KB
999
_c
9797
_d
9797